| 000 | 00476nam a2200169Ia 4500 | ||
|---|---|---|---|
| 999 |
_c36622 _d36622 |
||
| 003 | OSt | ||
| 005 | 20210125150616.0 | ||
| 008 | 190216s9999||||xx |||||||||||||| ||und|| | ||
| 020 | _a9788177291858 | ||
| 040 | _coclc | ||
| 082 |
_a510 _bPRA/U |
||
| 100 |
_aPrasad, B D _98435 |
||
| 245 | 0 |
_aUGC- CSIR Mathematical Sciences / _cB D Prasad |
|
| 260 |
_bCosmos Bookhive, _c2002. _aNew Delhi: |
||
| 300 | _a423p | ||
| 942 |
_cREF _2ddc _h510 _iPRA/U _k510 _mPRA/U |
||